Architecture in the Twentieth Century

Guardado en:
Detalles Bibliográficos
Autores principales: Gössel, Peter (Autor), Leuthäuser, Gabriele (Autor)
Formato: Libro
Lenguaje:inglés
Publicado: Köln : Taschen, 2001
Materias:
Etiquetas: Agregar Etiqueta
Sin Etiquetas, Sea el primero en etiquetar este registro!

MARC

LEADER 00000nam a22000003a 4500
001 stu73258
005 20150617225649.4
008 020117s2001----gw------------------eng-d
020 |a 3-8228-1162-9 
040 |a STU  |b slo 
041 0 |a eng 
044 |a gw 
080 |a 72 
100 1 |a Gössel, Peter  |4 aut 
245 1 |a Architecture in the Twentieth Century 
260 |a Köln :  |b Taschen,  |c 2001 
300 |a 447 s.;obr.,schémy 
650 7 |a architektúra súčasná  |2 stusub 
700 1 |a Leuthäuser, Gabriele  |4 aut 
996 |b 284V026554  |c V*47238/O-20785  |l VVT  |s A  |a 24  |w stu73258_0001 
996 |c A*3744  |l AA5150  |s P  |a 0  |w stu73258_0002 
996 |b 284AU00524  |c A*3821 U  |l AAKNAR  |s A  |a 24  |w stu73258_0003 
996 |b 284AU01478  |c A*3804 U  |l AAKNAR  |s A  |a 24  |w stu73258_0004